ငရဲခန်းများအတွင်းကဖြတ်သန်းခဲ့ရသောမြန်မာပြည် / (Record no. 27064)

000 -LEADER
fixed length control field 00919nam a22001697a 4500
005 - DATE AND TIME OF LATEST TRANSACTION
control field 20241204152147.0
008 - FIXED-LENGTH DATA ELEMENTS--GENERAL INFORMATION
fixed length control field 230712b ||||| |||| 00| 0 eng d
040 ## - CATALOGING SOURCE
Transcribing agency SSBUL
082 ## - DEWEY DECIMAL CLASSIFICATION NUMBER
Edition number 23
Classification number ၃၂၀.၉၅၉၁ တပ်
Item number ၁၆၁၃၈ (S-SAT)
100 ## - MAIN ENTRY--PERSONAL NAME
Personal name တပ်မတော်သားတစ်ဦး။
9 (RLIN) 27798
245 ## - TITLE STATEMENT
Title ငရဲခန်းများအတွင်းကဖြတ်သန်းခဲ့ရသောမြန်မာပြည် /
Statement of responsibility, etc. တပ်မတော်သားတစ်ဦး။
260 ## - PUBLICATION, DISTRIBUTION, ETC.
Place of publication, distribution, etc. ရန်ကုန် ၊
Name of publisher, distributor, etc. ကြေးမုံသတင်းစာတိုက်၊
Date of publication, distribution, etc. ၁၉၉၀။
300 ## - PHYSICAL DESCRIPTION
Extent ၂၀၅ စာမျက်နှာ၊
Dimensions ၂၃ စင်တီ။
500 ## - GENERAL NOTE
General note S-SAT: Dr. Sai Aung Tun Collection
651 ## - SUBJECT ADDED ENTRY--GEOGRAPHIC NAME
Geographic name မြန်မာနိုင်ငံ
General subdivision နိုင်ငံရေးနှင့်အစိုးရ။
942 ## - ADDED ENTRY ELEMENTS (KOHA)
Source of classification or shelving scheme
Koha item type Book (Short term)
Holdings
Withdrawn status Lost status Source of classification or shelving scheme Damaged status Not for loan Collection code Permanent Location Current Location Shelving location Date acquired Total Checkouts Full call number Barcode Date last seen Price effective from Koha item type Accession
          Special Collections Shan State Buddhist University Library Shan State Buddhist University Library Special Collection Shelves 12/07/2023   ၃၂၀.၉၅၉၁ တပ် ၁၆၁၃၈ (S-SAT) MB00016138 12/07/2023 12/07/2023 Book (Short term) ၁၆၁၃၈ (S-SAT)

Library - 09407999929
Admin Office - 09407999979
Dean Office - 09250910768
Registrar Office - 09892297154
Email - [email protected]
Shan State Buddhist University, Phaya Phyu Taunggyi, Shan State, Myanmar.